| 000 | 00325nam a2200109 4500 | ||
|---|---|---|---|
| 999 |
_c13631 _d13631 |
||
| 008 | 190329b ||||| |||| 00| 0 eng d | ||
| 245 | _aMarawi students undergo emergency preparedness training. | ||
| 260 |
_aDavao City _bSun Star Davao _cc2018 |
||
| 300 | _apage 12. | ||
| 650 | 0 |
_937969 _aDisaster management. |
|
| 942 |
_2ddc _cPER |
||